[Event "C.to Regionale Sicilia"]
[Site "Marsala ITA"]
[Date "2011.06.01"]
[Round "1"]
[White "Alcide, Fabio"]
[Black "Bentivegna, Francesco"]
[Result "0-1"]
[WhiteElo "1637"]
[BlackElo "2317"]
[PlyCount "88"]
[EventDate "2011.06.01"]

1. e4 d5 2. exd5 Nf6 3. Nc3 Nxd5 4. Bc4 Nb6 5. Bb3 c5 6. d3 Nc6 7. Be3 e6 8.
Nf3 Be7 9. Qe2 O-O 10. O-O Nd5 11. Rad1 Nxe3 12. fxe3 Qc7 13. Ne4 Na5 14. Ba4
a6 15. c3 f5 16. Ng3 Bd6 17. Qf2 b5 18. Bc2 Bb7 19. e4 fxe4 20. Nxe4 Bxe4 21.
dxe4 Bxh2+ 22. Kh1 Bg3 23. Qe2 Qf4 24. Ng1 Qh6+ 25. Nh3 Nc4 26. Bb3 Ne3 27.
Rxf8+ Rxf8 28. Bxe6+ Kh8 29. Qf3 g6 30. Qxg3 Nxd1 31. Kg1 Qe3+ 32. Qxe3 Nxe3
33. Nf2 Rd8 34. Bd5 Nxd5 35. exd5 Rxd5 36. Ne4 Kg7 37. Kf2 h5 38. g3 g5 39. Ke3
Kg6 40. Nf2 Kf5 41. Ke2 c4 42. Ke3 Re5+ 43. Kf3 g4+ 44. Kg2 Re2 0-1

[Event "C.to Regionale Sicilia"]
[Site "Marsala ITA"]
[Date "2011.06.01"]
[Round "1"]
[White "Arnetta, Maria Teresa"]
[Black "Ferrante, Filippo"]
[Result "1-0"]
[WhiteElo "2084"]
[BlackElo "1606"]
[PlyCount "111"]
[EventDate "2011.06.01"]

1. e4 e6 2. d4 d5 3. e5 c5 4. Nf3 Nc6 5. Bd3 Bd7 6. O-O cxd4 7. a3 Nge7 8. Bf4
Ng6 9. Bg3 Be7 10. Re1 f6 11. exf6 Bxf6 12. c4 dxc3 13. Nxc3 Bxc3 14. bxc3 Qf6
15. Qb3 O-O 16. Qxb7 Qd8 17. Nd4 Nxd4 18. cxd4 Nf4 19. Bf1 Rf7 20. Rac1 Be8 21.
Qb2 Rb8 22. Qd2 Qf6 23. Re3 g5 24. Rf3 Bb5 25. Bxb5 Rxb5 26. Bxf4 gxf4 27. g3
Qg6 28. Kg2 Rbb7 29. Rxf4 Rxf4 30. Qxf4 Qe4+ 31. Qxe4 dxe4 32. Re1 Kf7 33. Rxe4
Rb3 34. Re3 Rb5 35. Kf3 Kf6 36. Ke4 Rh5 37. h4 Rb5 38. g4 Rb2 39. f4 Rh2 40. h5
h6 41. Rg3 Ke7 42. Rb3 Rg2 43. Rb7+ Kd6 44. Rxa7 Rxg4 45. Rh7 Rg3 46. Rxh6 Rxa3
47. f5 Ke7 48. Rxe6+ Kf7 49. h6 Rh3 50. d5 Kg8 51. d6 Ra3 52. d7 Ra4+ 53. Ke5
Ra5+ 54. Kf6 Ra8 55. Re8+ Kh7 56. Rxa8 1-0

[Event "C.to Regionale Sicilia"]
[Site "Marsala ITA"]
[Date "2011.06.01"]
[Round "1"]
[White "Cerami, Giuseppe"]
[Black "Colicchia, Michele"]
[Result "1-0"]
[WhiteElo "1658"]
[BlackElo "1415"]
[PlyCount "139"]
[EventDate "2011.06.01"]

1. d4 d5 2. c4 Bf5 3. Nc3 e6 4. Nf3 Nd7 5. cxd5 Bb4 6. dxe6 Bxe6 7. e4 c6 8.
Be2 Nb6 9. O-O Ne7 10. a3 Bxc3 11. bxc3 Bc4 12. Bxc4 Nxc4 13. Qb3 b5 14. Rb1
O-O 15. Nd2 Nb6 16. c4 bxc4 17. Nxc4 Nxc4 18. Qxc4 Qd6 19. a4 Rfe8 20. Be3 Qe6
21. Qxe6 fxe6 22. Rb7 Ng6 23. Rfb1 Nf8 24. Rc7 Rec8 25. Rbb7 Rxc7 26. Rxc7 Rb8
27. f3 a5 28. Ra7 Rb1+ 29. Kf2 Rb2+ 30. Kg3 Rb3 31. Bf2 Rb2 32. Rxa5 g6 33. Rc5
Rb6 34. a5 Ra6 35. Be1 Nd7 36. Rc1 Kf7 37. Rb1 Ke7 38. Rb7 Kd8 39. Rb1 Kc7 40.
h4 h6 41. Kf4 Kd6 42. Bb4+ Kc7 43. Rc1 Nf6 44. g4 Nd7 45. Ke3 Kd8 46. g5 h5 47.
f4 Ke8 48. f5 Kf7 49. f6 Nb8 50. Bd2 Nd7 51. Rb1 Ra7 52. Bc3 Ke8 53. Kd3 Kf7
54. Kc4 Ke8 55. Rb3 Kf7 56. Kb4 Ke8 57. Ka4 Kf7 58. Bb4 Ke8 59. Bc5 Ra6 60. Rb7
Nxc5+ 61. dxc5 Kf8 62. Rb6 Ra7 63. a6 e5 64. Rxc6 Kf7 65. Rb6 Kf8 66. Ka5 Ke8
67. Rb7 Ra8 68. a7 Kf8 69. Rb8+ Rxb8 70. axb8=Q+ 1-0

[Event "C.to Regionale Sicilia"]
[Site "Marsala ITA"]
[Date "2011.06.01"]
[Round "1"]
[White "Fasino, Salvatore"]
[Black "Valguarnera, Girolamo"]
[Result "0-1"]
[WhiteElo "1631"]
[BlackElo "2151"]
[PlyCount "38"]
[EventDate "2011.06.01"]

1. e4 e5 2. Nf3 Nf6 3. Bc4 Nc6 4. O-O Nxe4 5. d3 Nf6 6. Nc3 d5 7. Bb5 Bd6 8. h3
d4 9. Ne2 O-O 10. Ng3 Ne7 11. Re1 Ng6 12. a3 Nd5 13. Ng5 Ndf4 14. N5e4 Nh4 15.
Bxf4 exf4 16. Nxd6 cxd6 17. Re4 fxg3 18. fxg3 Ng6 19. Rxd4 Qb6 0-1

[Event "C.to Regionale Sicilia"]
[Site "Marsala ITA"]
[Date "2011.06.01"]
[Round "1"]
[White "Gigante, Giovanni"]
[Black "Marino, Davide"]
[Result "0-1"]
[WhiteElo "1897"]
[BlackElo "1529"]
[PlyCount "138"]
[EventDate "2011.06.01"]

1. e4 e5 2. Nf3 Nf6 3. Nc3 Nc6 4. Bb5 Bc5 5. Nxe5 Bxf2+ 6. Kxf2 Nxe5 7. Rf1
Nfg4+ 8. Kg3 Qg5 9. Rf5 Qg6 10. Rxe5+ Nxe5+ 11. Kf2 O-O 12. d4 Ng4+ 13. Kg1 d6
14. Bd3 Qf6 15. Ne2 Qf2+ 16. Kh1 Qh4 17. Kg1 Qxh2+ 18. Kf1 Qh4 19. Kg1 Re8 20.
Bf4 Qf2+ 21. Kh1 Re6 22. Qe1 Qxe1+ 23. Rxe1 Nf2+ 24. Kh2 Nxd3 25. cxd3 Rg6 26.
Bg3 Bg4 27. Nf4 Rh6+ 28. Kg1 a5 29. Nd5 c6 30. Ne3 Rg6 31. Nxg4 Rxg4 32. Bxd6
Ra6 33. Re2 f6 34. Kf2 Rg5 35. Ke3 Kf7 36. Kd2 Rb6 37. Kc3 Rgb5 38. Bc5 Ra6 39.
a4 Rxc5+ 40. dxc5 Ra8 41. Kc4 Re8 42. b4 axb4 43. Rb2 h5 44. Rxb4 Re7 45. Kd4
g5 46. Ke3 Rd7 47. d4 Ke6 48. a5 h4 49. Rb6 Ke7 50. Rb2 Ke6 51. Rf2 Rd8 52. Rd2
Ra8 53. d5+ Kd7 54. Rb2 Rxa5 55. Rxb7+ Ke8 56. d6 Rxc5 57. Re7+ Kf8 58. Kd4 Rc2
59. Rc7 Rxg2 60. Rxc6 h3 61. Rc8+ Kf7 62. Rh8 g4 63. Kd5 h2 64. Rh7+ Kg6 65.
Rh8 g3 66. Ke6 Re2 67. d7 Rxe4+ 68. Kd5 Re1 69. Rg8+ Kf5 0-1

[Event "C.to Regionale Sicilia"]
[Site "Marsala ITA"]
[Date "2011.06.01"]
[Round "1"]
[White "Gueci, Tea"]
[Black "Calamia, Gianpaolo"]
[Result "1-0"]
[WhiteElo "1741"]
[BlackElo "1491"]
[PlyCount "57"]
[EventDate "2011.06.01"]

1. e4 e6 2. d4 d5 3. Nd2 Nf6 4. e5 Nfd7 5. c3 c5 6. Bd3 Qb6 7. Ne2 Nc6 8. Nf3
h6 9. O-O Be7 10. Re1 O-O 11. a3 a6 12. b4 cxd4 13. Nexd4 Nxd4 14. cxd4 Qc7 15.
Bc2 Re8 16. Qd3 Nf8 17. Be3 Ng6 18. Rac1 Qb6 19. Qd2 Bd7 20. Bxg6 fxg6 21. Bxh6
gxh6 22. Qxh6 Bf8 23. Qxg6+ Bg7 24. h4 Re7 25. Ng5 Be8 26. Qh7+ Kf8 27. Re3 Qd8
28. Rf3+ Bf7 29. h5 1-0

[Event "C.to Regionale Sicilia"]
[Site "Marsala ITA"]
[Date "2011.06.01"]
[Round "1"]
[White "La Bella, Noemi"]
[Black "Virgitto, Orazio"]
[Result "0-1"]
[WhiteElo "1431"]
[BlackElo "1671"]
[PlyCount "88"]
[EventDate "2011.06.01"]

1. e4 e6 2. Nf3 d5 3. d3 Nf6 4. e5 Nfd7 5. d4 c5 6. Bb5 a6 7. Bxd7+ Bxd7 8. O-O
Nc6 9. c3 b5 10. b3 Qb6 11. Be3 Rc8 12. Nbd2 Be7 13. Qc2 cxd4 14. cxd4 Qa5 15.
Qb2 Ba3 16. Qb1 Nb4 17. Qd1 Nc2 18. Nc4 Rxc4 19. bxc4 Nxa1 20. Qxa1 bxc4 21.
Bd2 Qc7 22. Qc3 Be7 23. Rb1 O-O 24. h3 Rb8 25. Rxb8+ Qxb8 26. Ne1 h6 27. Qa5
Qb2 28. Nf3 Qb7 29. Qc3 Qb1+ 30. Kh2 Qxa2 31. Qe3 Qb3 32. Bc3 Bb4 33. Nd2 Qxc3
34. Qxc3 Bxc3 35. Nb1 Bxd4 36. f4 c3 37. Na3 Bc5 38. Nc2 Ba4 39. Ne1 c2 40. Nd3
Be3 41. g4 Bb5 42. Ne1 c1=Q 43. Nf3 Bxf4+ 44. Kg2 Qf1# 0-1

[Event "C.to Regionale Sicilia"]
[Site "Marsala ITA"]
[Date "2011.06.01"]
[Round "1"]
[White "La Bella, Roberto"]
[Black "Fontana, Giulio"]
[Result "1-0"]
[WhiteElo "2168"]
[BlackElo "1632"]
[PlyCount "105"]
[EventDate "2011.06.01"]

1. e4 c5 2. Nf3 Nc6 3. d4 cxd4 4. Nxd4 Nf6 5. Nc3 e6 6. Ndb5 Bb4 7. a3 Bxc3+ 8.
Nxc3 h6 9. Be3 b6 10. Qd6 Qe7 11. Qg3 Nh5 12. Qg4 g6 13. O-O-O Bb7 14. Nb5 Ne5
15. Qe2 d5 16. Bd4 f6 17. exd5 Nf4 18. Qe4 g5 19. Bxe5 Bxd5 20. Qa4 fxe5 21.
Nc7+ Kf7 22. Nxa8 Rxa8 23. Rg1 Rc8 24. g3 Ng6 25. c3 e4 26. Qd4 Qf6 27. Be2 Ne5
28. Kb1 g4 29. Qe3 Qf5 30. Ka1 h5 31. Qf4 Kg6 32. h3 gxh3 33. Rh1 Qxf4 34. gxf4
Ng4 35. Rxh3 Rf8 36. c4 Bb7 37. Rd7 Bc8 38. Rc7 Nxf2 39. Rxh5 Nd3 40. Rg5+ Kf6
41. Bxd3 exd3 42. Kb1 e5 43. Rxe5 Rh8 44. Kc1 Bg4 45. Kd2 Rh2+ 46. Kxd3 Rxb2
47. Rxa7 Bf5+ 48. Kc3 Rf2 49. Ra8 Rxf4 50. Rxf5+ Kxf5 51. Rf8+ Ke5 52. Rxf4
Kxf4 53. Kd4 1-0

[Event "C.to Regionale Sicilia"]
[Site "Marsala ITA"]
[Date "2011.06.01"]
[Round "1"]
[White "Maggio, Baldassare"]
[Black "Piazza, Dario"]
[Result "0-1"]
[WhiteElo "1503"]
[BlackElo "1751"]
[PlyCount "120"]
[EventDate "2011.06.01"]

1. d4 d6 2. Nf3 Nf6 3. c4 Bf5 4. Nc3 Nc6 5. g3 Qd7 6. e3 Nb4 7. e4 Nxe4 8. Qb3
Nxc3 9. Qxb4 Qe6+ 10. Be3 Be4 11. Ng5 Qf5 12. Bh3 Qg6 13. Nxe4 Qxe4 14. Rg1
Nxa2 15. Qa4+ c6 16. Qxa2 e5 17. Qb1 Qxb1+ 18. Rxb1 Be7 19. Ke2 O-O 20. Rgd1 e4
21. d5 f5 22. b4 a6 23. Ra1 g6 24. Bg2 Rfe8 25. f3 Bf6 26. Ra2 Bc3 27. dxc6
bxc6 28. Rxd6 Bxb4 29. Rxc6 a5 30. fxe4 Re7 31. Bc5 Bxc5 32. Rxc5 a4 33. Rb5
fxe4 34. Ke3 Ra6 35. c5 a3 36. Rb6 Ra5 37. Rb4 Rc7 38. Rc4 Rb7 39. Rc3 Rb2 40.
Rxb2 axb2 41. Rb3 Ra3 42. Bxe4 Rxb3+ 43. Kd2 b1=Q 44. Bxb1 Rxb1 45. Kd3 Kf7 46.
Kd4 Ke6 47. Ke4 Rd1 48. h3 Rd5 49. c6 Rc5 50. Kf4 h6 51. c7 Rxc7 52. Ke3 Ke5
53. Kf3 h5 54. Ke3 g5 55. Kf3 Rc3+ 56. Kf2 Ke4 57. Kg2 Rc2+ 58. Kf1 Ke3 59. g4
h4 60. Kg1 Kf3 0-1

[Event "C.to Regionale Sicilia"]
[Site "Marsala ITA"]
[Date "2011.06.01"]
[Round "1"]
[White "Meo, Antonino"]
[Black "Bertino, Giacomo"]
[Result "0-1"]
[WhiteElo "1599"]
[BlackElo "1991"]
[PlyCount "56"]
[EventDate "2011.06.01"]

1. e4 d5 2. exd5 Nf6 3. Nc3 Nxd5 4. Nxd5 Qxd5 5. d4 Nc6 6. Nf3 Bg4 7. c3 e5 8.
dxe5 Qxd1+ 9. Kxd1 Nxe5 10. h3 O-O-O+ 11. Ke2 Bxf3+ 12. gxf3 Nd3 13. h4 Bc5 14.
Bh3+ Kb8 15. Bf5 Nxf2 16. Re1 g6 17. Bc2 Rhe8+ 18. Kf1 Rxe1+ 19. Kxe1 Nd3+ 20.
Ke2 Nxc1+ 21. Rxc1 Re8+ 22. Kf1 Re3 23. Bd1 h5 24. Kg2 Re1 25. Rb1 Be7 26. Kg3
Rh1 27. Bc2 Bxh4+ 28. Kg2 Rxb1 0-1

[Event "C.to Regionale Sicilia"]
[Site "Marsala ITA"]
[Date "2011.06.01"]
[Round "1"]
[White "Messina, Pierluigi"]
[Black "Oddo, Salvatore"]
[Result "0-1"]
[WhiteElo "1392"]
[BlackElo "1644"]
[PlyCount "116"]
[EventDate "2011.06.01"]

1. e4 d6 2. Bc4 Nd7 3. Nf3 e5 4. d3 Be7 5. Nc3 Ngf6 6. O-O O-O 7. Bg5 h6 8. Bh4
c6 9. d4 b5 10. Bd3 Qb6 11. d5 a6 12. dxc6 Qxc6 13. Nd5 Re8 14. Nxe7+ Rxe7 15.
Re1 Bb7 16. c3 Ree8 17. Qc2 Nh5 18. b4 Rac8 19. Rac1 Nf4 20. Bf1 Rc7 21. c4 Ng6
22. Bg3 Rec8 23. Nd2 Nb6 24. Re3 Qd7 25. Qb3 Qe6 26. Rec3 Ne7 27. f3 Na4 28.
R3c2 Qd7 29. Bf2 Bc6 30. Bd3 Rb7 31. a3 Qd8 32. c5 dxc5 33. Bxc5 Nxc5 34. bxc5
Rd7 35. Rc3 Ng6 36. g3 Qg5 37. Qc2 Nf4 38. Kf2 Nxd3+ 39. Rxd3 Rxd3 40. Qxd3 Rd8
41. h4 Qxd2+ 42. Qxd2 Rxd2+ 43. Ke3 Rd8 44. Rf1 a5 45. f4 Re8 46. f5 Rd8 47. g4
Rd4 48. g5 hxg5 49. hxg5 Rxe4+ 50. Kf3 Rf4+ 51. Ke2 Rxf1 52. Kxf1 f6 53. gxf6
gxf6 54. Ke2 b4 55. axb4 axb4 56. Kd2 e4 57. Kc2 e3 58. Kd3 b3 0-1

[Event "C.to Regionale Sicilia"]
[Site "Marsala ITA"]
[Date "2011.06.01"]
[Round "1"]
[White "Montalto, Antonio"]
[Black "Tumbarello, Michele"]
[Result "0-1"]
[WhiteElo "1781"]
[BlackElo "1509"]
[PlyCount "180"]
[EventDate "2011.06.01"]

1. d4 Nf6 2. c4 c5 3. e3 cxd4 4. exd4 g6 5. Nc3 Bg7 6. Nf3 b6 7. Be2 Bb7 8. h3
O-O 9. O-O d6 10. Be3 Nbd7 11. Rc1 Rc8 12. Qd2 Ne4 13. Nxe4 Bxe4 14. b3 Nf6 15.
Bh6 Bb7 16. Bxg7 Kxg7 17. Rfe1 Qd7 18. Qe3 e6 19. Bd3 Bxf3 20. Qxf3 Rc7 21. Re3
Rfc8 22. Rce1 d5 23. R1e2 Qd6 24. g4 dxc4 25. bxc4 Qxd4 26. g5 Nh5 27. Re4 Qd6
28. Qe3 Rc5 29. h4 Rd8 30. Bc2 Kg8 31. Bb3 Ng7 32. Qc3 Nf5 33. Kg2 Rc7 34. Qf6
Qe7 35. Qe5 Rc5 36. Qh2 Qd6 37. Qxd6 Rxd6 38. Kh3 Kf8 39. Kg4 Ke7 40. h5 Rc8
41. h6 Rcd8 42. Re5 Rd4+ 43. Kf3 Rd3+ 44. Kg2 Nd4 45. R2e3 Nf5 46. Rxd3 Rxd3
47. c5 bxc5 48. Rxc5 Kd8 49. Ra5 Rd7 50. Ba4 Rc7 51. Kf3 Ke7 52. Ke4 Nd6+ 53.
Kf3 f6 54. gxf6+ Kxf6 55. Kg4 Nf5 56. Ra6 Nxh6+ 57. Kf3 Nf5 58. Kg2 g5 59. Bb3
Re7 60. Bxe6 Rxe6 61. Rxa7 h5 62. a4 Nd4 63. a5 Ke5 64. Ra8 Kd5 65. Rh8 h4 66.
Rg8 Re5 67. a6 Nb5 68. Rg7 Ke4 69. Rb7 Kf4 70. a7 Nxa7 71. Rxa7 g4 72. Rf7+ Rf5
73. Ra7 h3+ 74. Kg1 Re5 75. Rf7+ Ke4 76. Rg7 Kf3 77. Rf7+ Ke2 78. Kh2 Re4 79.
Kg3 Rd4 80. Re7+ Kf1 81. Rb7 Rd3+ 82. Kxg4 Kg2 83. f4 Rg3+ 84. Kf5 h2 85. Rb2+
Kh3 86. Rxh2+ Kxh2 87. Ke6 Re3+ 88. Kf6 Kg3 89. f5 Kf4 90. Kg6 Rg3+ 0-1

[Event "C.to Regionale Sicilia"]
[Site "Marsala ITA"]
[Date "2011.06.01"]
[Round "1"]
[White "Occhipinti, Massimo"]
[Black "Savalla, Gianluca"]
[Result "1/2-1/2"]
[WhiteElo "1987"]
[BlackElo "1563"]
[PlyCount "92"]
[EventDate "2011.06.01"]

1. e4 e5 2. Nf3 Nf6 3. Nc3 Nc6 4. Bc4 Be7 5. d3 d6 6. O-O Bg4 7. h3 Bh5 8. Bg5
O-O 9. a3 Nd4 10. Bxf6 Bxf6 11. g4 Nxf3+ 12. Qxf3 Bg6 13. Nd5 Bg5 14. Ne3 c6
15. Nf5 Qf6 16. Kh2 Bxf5 17. Qxf5 Qh6 18. Kg2 Rae8 19. h4 Bf4 20. Rh1 d5 21.
exd5 cxd5 22. Bxd5 b6 23. g5 Qd6 24. Be4 g6 25. Qg4 Qe6 26. Qf3 Rc8 27. c4 Qd6
28. Bd5 Kh8 29. Qg4 f5 30. gxf6 Qxf6 31. h5 Bg5 32. Raf1 Kg7 33. h6+ Kh8 34. b4
Qf5 35. Qxf5 gxf5 36. Rh5 Bf4 37. b5 Rf6 38. Rfh1 Rd8 39. Kf3 Rdd6 40. d4 Rxh6
41. dxe5 Rxh5 42. Rxh5 Bxe5 43. Rxf5 Rf6 44. Ke4 Rxf5 45. Kxf5 Bd4 46. f4 Kg7
1/2-1/2

[Event "C.to Regionale Sicilia"]
[Site "Marsala ITA"]
[Date "2011.06.01"]
[Round "1"]
[White "Piazza, Francesco"]
[Black "Campo, Renato"]
[Result "0-1"]
[WhiteElo "1551"]
[BlackElo "1984"]
[PlyCount "82"]
[EventDate "2011.06.01"]

1. d4 Nf6 2. Nf3 g6 3. Nbd2 d5 4. c4 c6 5. b3 Bg7 6. Bb2 Bf5 7. e3 Nbd7 8. Nh4
Bg4 9. Nhf3 Ne4 10. Be2 Ndf6 11. h3 Bf5 12. Bf1 O-O 13. Be2 Qa5 14. O-O Rac8
15. Nxe4 Nxe4 16. Bd3 Nd6 17. Bxf5 Nxf5 18. Qe1 Qxe1 19. Rfxe1 dxc4 20. bxc4 c5
21. g4 Nd6 22. Ba3 b6 23. Rac1 Ne4 24. Rc2 f5 25. gxf5 Rxf5 26. Nh4 Rh5 27. Ng2
Ng5 28. Ree2 Nxh3+ 29. Kf1 Rf5 30. dxc5 bxc5 31. f4 e5 32. Bc1 exf4 33. Nxf4 g5
34. Ke1 Nxf4 35. exf4 gxf4 36. Rf2 Re8+ 37. Kf1 Bd4 38. Rxf4 Rxf4+ 39. Bxf4 Rf8
40. Rg2+ Kh8 41. Rg4 Be5 0-1

[Event "C.to Regionale Sicilia"]
[Site "Marsala ITA"]
[Date "2011.06.01"]
[Round "1"]
[White "Sardo, Riccardo"]
[Black "Gueci, Laura"]
[Result "0-1"]
[WhiteElo "1512"]
[BlackElo "1789"]
[PlyCount "88"]
[EventDate "2011.06.01"]

1. e4 c5 2. Nf3 d6 3. d4 cxd4 4. Nxd4 Nf6 5. Nc3 a6 6. Be2 e5 7. Nf3 Be7 8. Be3
b5 9. Qd3 Bb7 10. b4 Nbd7 11. Nd2 Rc8 12. a4 Qc7 13. Ndb1 bxa4 14. Rxa4 Nb6 15.
Bxb6 Qxb6 16. Nd5 Nxd5 17. exd5 O-O 18. O-O f5 19. Na3 e4 20. Qe3 Qxe3 21. fxe3
Bg5 22. Kh1 Bxd5 23. Bxa6 Rc3 24. Rd1 Ba8 25. Nb5 Rxc2 26. Nxd6 h6 27. Bc4+ Kh7
28. Be6 Be7 29. Nxf5 Bc6 30. Ra7 Bf6 31. Rc7 Be5 32. Nd4 Bxd4 33. exd4 e3 34.
d5 e2 35. Rg1 Rf1 36. Bf5+ Rxf5 37. dxc6 Rf1 38. Re7 Rcc1 39. h3 Rxg1+ 40. Kh2
Rh1+ 41. Kg3 e1=Q+ 42. Rxe1 Rhxe1 43. Kf2 Re4 44. b5 Rb4 0-1

[Event "C.to Regionale Sicilia"]
[Site "Marsala ITA"]
[Date "2011.06.01"]
[Round "1"]
[White "Savalla, Pietro"]
[Black "Mancuso, Fabrizio"]
[Result "1-0"]
[WhiteElo "1790"]
[BlackElo "1512"]
[PlyCount "127"]
[EventDate "2011.06.01"]

1. d4 Nf6 2. Nf3 d5 3. e3 g6 4. Bd3 Bg7 5. Nbd2 Bg4 6. O-O O-O 7. h3 Bxf3 8.
Qxf3 Nbd7 9. e4 dxe4 10. Nxe4 Nxe4 11. Qxe4 c6 12. c3 Nf6 13. Qf3 Qd5 14. Qe2
e6 15. Re1 Rfe8 16. Bf4 Qd8 17. Be5 Nd5 18. a3 Qg5 19. Qf3 Nf6 20. Rad1 Rad8
21. Qe3 Qxe3 22. fxe3 Nd5 23. Bxg7 Kxg7 24. Re2 a5 25. Rf1 Re7 26. e4 Nc7 27.
Ref2 c5 28. Bc4 cxd4 29. Rd1 Red7 30. Rfd2 e5 31. Kf2 Kf6 32. Ke2 Ke7 33. cxd4
Rxd4 34. Rxd4 exd4 35. Kd3 Ne6 36. Bxe6 Kxe6 37. Rc1 Rd7 38. Rc5 b6 39. Rc6+
Rd6 40. Rxd6+ Kxd6 41. Kxd4 f6 42. h4 h5 43. g3 b5 44. b3 g5 45. b4 a4 46. Kd3
Ke5 47. Ke3 g4 48. Kd3 Ke6 49. Ke2 f5 50. Ke3 fxe4 51. Kxe4 Kf6 52. Kd4 Kf5 53.
Kd5 Kf6 54. Kc5 Ke5 55. Kxb5 Ke4 56. Kxa4 Kf3 57. b5 Kxg3 58. b6 Kf2 59. b7 g3
60. b8=Q g2 61. Qf4+ Kg1 62. Qg3 Kf1 63. Qf3+ Kg1 64. Qxh5 1-0

[Event "C.to Regionale Sicilia"]
[Site "Marsala ITA"]
[Date "2011.06.01"]
[Round "1"]
[White "Schembri, Roberto"]
[Black "Melograni, Francesco"]
[Result "0-1"]
[WhiteElo "1527"]
[BlackElo "1862"]
[PlyCount "54"]
[EventDate "2011.06.01"]

1. d4 f5 2. Bg5 Nf6 3. Nc3 e6 4. f3 Be7 5. e4 fxe4 6. fxe4 O-O 7. Nf3 b6 8. Bd3
Bb7 9. O-O c5 10. Qe2 cxd4 11. Nxd4 Bc5 12. Be3 Nc6 13. Nxc6 Bxc6 14. e5 Bxe3+
15. Qxe3 Ng4 16. Qh3 Nh6 17. g4 Qg5 18. Be4 Bxe4 19. Nxe4 Qxg4+ 20. Qxg4 Nxg4
21. Rfe1 Nxe5 22. Rad1 Nf3+ 23. Kf2 Nxe1+ 24. Kxe1 d5 25. Ng5 h6 26. Nh3 Rf5
27. Ke2 Raf8 0-1

[Event "C.to Regionale Sicilia"]
[Site "Marsala ITA"]
[Date "2011.06.02"]
[Round "2"]
[White "Alcide, Fabio"]
[Black "Meo, Antonino"]
[Result "1-0"]
[WhiteElo "1637"]
[BlackElo "1599"]
[PlyCount "32"]
[EventDate "2011.06.01"]

1. e4 e5 2. Nf3 Nc6 3. d4 exd4 4. Nxd4 Nf6 5. Nxc6 bxc6 6. Bd3 d5 7. exd5 cxd5
8. O-O Bd6 9. Bg5 O-O 10. Kh1 Rb8 11. Qc1 Bb7 12. Nd2 Bxh2 13. Bxf6 Qxf6 14.
Kxh2 Qh4+ 15. Kg1 d4 16. f3 Rfe8 1-0

[Event "C.to Regionale Sicilia"]
[Site "Marsala ITA"]
[Date "2011.06.02"]
[Round "2"]
[White "Bentivegna, Francesco"]
[Black "Gueci, Tea"]
[Result "1-0"]
[WhiteElo "2317"]
[BlackElo "1741"]
[PlyCount "47"]
[EventDate "2011.06.01"]

1. e4 c5 2. Nf3 d6 3. c3 Nf6 4. h3 Nc6 5. Bd3 a6 6. Bc2 b5 7. O-O e6 8. Re1 Be7
9. d4 O-O 10. a4 Bb7 11. dxc5 dxc5 12. Qe2 Qb6 13. e5 Nd5 14. Nbd2 Rfd8 15. Qe4
g6 16. Qg4 Kg7 17. Ne4 Na5 18. Bg5 Bxg5 19. Nfxg5 Nc4 20. Qh4 Rh8 21. Nf6 h6
22. Nxf7 Kxf7 23. Nxd5 exd5 24. e6+ 1-0

[Event "C.to Regionale Sicilia"]
[Site "Marsala ITA"]
[Date "2011.06.02"]
[Round "2"]
[White "Bertino, Giacomo"]
[Black "Savalla, Pietro"]
[Result "1-0"]
[WhiteElo "1991"]
[BlackElo "1790"]
[PlyCount "105"]
[EventDate "2011.06.01"]

1. d4 Nf6 2. Nc3 d5 3. Bg5 c6 4. Qd3 Nbd7 5. f3 g6 6. e4 dxe4 7. fxe4 Bg7 8.
Nf3 O-O 9. Be2 Qb6 10. O-O-O Re8 11. Rhf1 Qc7 12. e5 Nd5 13. h4 Qa5 14. Nxd5
cxd5 15. Kb1 f6 16. exf6 Nxf6 17. Ne5 Bf5 18. Qb3 Qc7 19. g4 Be4 20. Bd3 Rad8
21. Bxf6 Bxd3 22. Nxd3 Bxf6 23. Nf4 Qc6 24. g5 Bg7 25. h5 Rf8 26. hxg6 hxg6 27.
Qd3 Rd6 28. c3 Rf7 29. Rd2 Kf8 30. Rdf2 Ke8 31. Qe3 Qd7 32. Nd3 Rxf2 33. Rxf2
Qe6 34. Qd2 b6 35. a3 a5 36. Ka2 Rd8 37. Qc2 Qc6 38. Re2 Rd6 39. Qd2 Re6 40.
Rf2 Re4 41. Ka1 Qe6 42. Nf4 Re1+ 43. Ka2 Qe4 44. Nd3 Rh1 45. Re2 Qf3 46. Nf4
Qf1 47. Nxd5 Qb1+ 48. Kb3 Qf5 49. Nxe7 Qb5+ 50. Ka2 Kd8 51. d5 a4 52. Nc6+ Kc7
53. Qf4+ 1-0

[Event "C.to Regionale Sicilia"]
[Site "Marsala ITA"]
[Date "2011.06.02"]
[Round "2"]
[White "Calamia, Gianpaolo"]
[Black "Piazza, Francesco"]
[Result "1/2-1/2"]
[WhiteElo "1491"]
[BlackElo "1551"]
[PlyCount "45"]
[EventDate "2011.06.01"]

1. e4 d6 2. d4 Nf6 3. Nc3 c6 4. f3 Qa5 5. Be3 e5 6. Bc4 Be6 7. Bxe6 fxe6 8.
Nge2 Nbd7 9. Qd3 Be7 10. O-O-O b5 11. a3 b4 12. axb4 Qxb4 13. Nb1 Rb8 14. Qa3
O-O 15. Qxb4 Rxb4 16. dxe5 Nxe5 17. Bxa7 c5 18. Nf4 Ra8 19. Bxc5 dxc5 20. Nxe6
Rab8 21. b3 c4 22. Nd4 cxb3 23. Nxb3 1/2-1/2

[Event "C.to Regionale Sicilia"]
[Site "Marsala ITA"]
[Date "2011.06.02"]
[Round "2"]
[White "Campo, Renato"]
[Black "Oddo, Salvatore"]
[Result "1-0"]
[WhiteElo "1984"]
[BlackElo "1644"]
[PlyCount "101"]
[EventDate "2011.06.01"]

1. e4 d6 2. d4 Nd7 3. Nf3 e5 4. Nc3 Ngf6 5. g4 h6 6. Rg1 Nh7 7. Bc4 c6 8. g5
hxg5 9. Bxg5 Nhf6 10. Qe2 Qb6 11. O-O-O Qc7 12. Bb3 b5 13. d5 Ba6 14. dxc6 Qxc6
15. Nd5 Rc8 16. Nb4 Qb6 17. Be3 Nc5 18. Kb1 Bb7 19. Ng5 Rc7 20. Nd5 Nxd5 21.
Bxd5 Bxd5 22. Rxd5 a5 23. Qf3 Qb7 24. Qf5 Rh6 25. Bxc5 Rf6 26. Qg4 Rxc5 27. f3
Rg6 28. h4 Be7 29. Qh5 Bxg5 30. Qh8+ Ke7 31. Rxc5 dxc5 32. hxg5 Qd7 33. Qb8
Rxg5 34. Rc1 f6 35. Qb6 c4 36. Qxa5 Rg3 37. Qc3 Qh3 38. Qb4+ Kf7 39. Qxb5 c3
40. Qc4+ Kg6 41. Qxc3 Rxf3 42. Qc6 Rf1 43. b3 Rxc1+ 44. Kxc1 Qe3+ 45. Kb2 Qd4+
46. Ka3 Kg5 47. c4 Qa7+ 48. Kb4 Qxa2 49. Qd7 Qf2 50. Qxg7+ Kf4 51. Qxf6+ 1-0

[Event "C.to Regionale Sicilia"]
[Site "Marsala ITA"]
[Date "2011.06.02"]
[Round "2"]
[White "Colicchia, Michele"]
[Black "Schembri, Roberto"]
[Result "0-1"]
[WhiteElo "1415"]
[BlackElo "1527"]
[PlyCount "106"]
[EventDate "2011.06.01"]

1. e4 d6 2. d4 Nf6 3. Nc3 c6 4. Bg5 Qa5 5. Nf3 Nxe4 6. Bd2 Nxd2 7. Qxd2 Bg4 8.
Be2 e6 9. h3 Bh5 10. O-O d5 11. a3 Bd6 12. Ne5 Bxe2 13. Qxe2 Qb6 14. Rfe1 O-O
15. Qd3 Qc7 16. Re2 Nd7 17. Nf3 e5 18. dxe5 Nxe5 19. Nxe5 Bxe5 20. Rae1 Bd6 21.
Qf3 Qd7 22. Nb1 Rae8 23. Nd2 Rxe2 24. Qxe2 Rd8 25. Nf3 Kf8 26. Qd3 Kg8 27. Ng5
g6 28. Qd4 Re8 29. Rxe8+ Qxe8 30. Nf3 b6 31. Qf6 Qe7 32. Qxe7 Bxe7 33. Kf1 Bf6
34. b3 Kf8 35. Ke2 Ke7 36. Kd3 c5 37. c3 Ke6 38. g4 h6 39. h4 Be7 40. Ke3 f5
41. g5 hxg5 42. Nxg5+ Bxg5+ 43. hxg5 a6 44. f4 Kd6 45. Kd3 b5 46. b4 Kc6 47.
Ke3 Kb6 48. Kd3 a5 49. Ke3 d4+ 50. cxd4 cxb4 51. axb4 a4 52. d5 a3 53. d6 Kc6
0-1

[Event "C.to Regionale Sicilia"]
[Site "Marsala ITA"]
[Date "2011.06.02"]
[Round "2"]
[White "Fasino, Salvatore"]
[Black "Sardo, Riccardo"]
[Result "0-1"]
[WhiteElo "1631"]
[BlackElo "1512"]
[PlyCount "92"]
[EventDate "2011.06.01"]

1. e4 Nf6 2. Nc3 g6 3. d4 Bg7 4. f4 d6 5. Nf3 O-O 6. Be3 Ng4 7. Bg1 e5 8. h3
Nh6 9. Qd2 Nc6 10. O-O-O Kh8 11. d5 Ne7 12. Be3 Nhg8 13. g4 c6 14. Bc4 cxd5 15.
Nxd5 Nxd5 16. Bxd5 Nf6 17. f5 Qc7 18. Ng5 a5 19. Qf2 Ra6 20. Rhf1 h6 21. Qh4
Nxd5 22. exd5 f6 23. Ne6 Bxe6 24. fxe6 g5 25. Qh5 b5 26. h4 Qe7 27. hxg5 fxg5
28. Bxg5 Qxg5+ 29. Qxg5 hxg5 30. Rf5 Bf6 31. Rdf1 Kg7 32. Kd1 b4 33. b3 a4 34.
Ke2 Ra5 35. Rd1 axb3 36. axb3 Rc5 37. Rd2 Rh8 38. Kf3 Rc3+ 39. Kg2 Rh4 40. Kf1
Rxg4 41. Rdf2 Rf4 42. R5xf4 gxf4 43. Rg2+ Kf8 44. Rf2 f3 45. Ke1 Bh4 46. Kd2
Bxf2 0-1